GCSE French Vocab - Avoir - Statistics

General Stats
  • This quiz has been taken 205 times
  • The average score is 10 of 14
Answer Stats
English French % Correct
To have Avoir
98%
I have J'ai
95%
She has Elle a
94%
He has Il a
94%
You have (singular) Tu as
89%
We have Nous avons
88%
We have (one has) On a
82%
You have (plural) Vous avez
82%
They have (m) Ils ont
69%
They have (f) Elles ont
68%
There is/There are Il y a
61%
There was/There were Il y avait
40%
There will be Il y aura
27%
There would be Il y aurait
16%
No matching quizzes found
Score Distribution
Percent of People with Each Score
Percentile by Number Answered
Your Score History
You have not taken this quiz